| 000 | 00806nam a2200133Ia 4500 | ||
|---|---|---|---|
| 008 | 100328s9999 xx 000 0 und d | ||
| 082 | _b73389 | ||
| 100 | _aसहस्त्रबुद्धे जयंती विश्र्वनाथ. | ||
| 245 | _aदेवीची नामरुपे (117 देवींची माहिती स्थाने-ठिकाणे-माहात्म्य). | ||
| 260 | _bमनोरमा. | ||
| 630 | _aदेवीची नामरुपे (117 देवींची माहिती स्थाने-ठिकाणे-माहात्म्य). | ||
| 730 | _aदेवीची नामरुपे (117 देवींची माहिती स्थाने-ठिकाणे-माहात्म्य). | ||
| 942 | _cBOOK | ||
| 999 |
_c559110 _d559107 |
||